000 00568nam a2200205Ia 4500
003 OSt
005 20230403112542.0
008 210423s1975 xx 000 0 und d
020 _a0-14044-030-5
040 _cAL
041 _aeng
082 _a843.7
_223
_bSTES
100 _aSTENDHAL
_982484
245 _aScarlet and black: a chronicle of the nineteenth century
260 _aEngland
_bPenguin Books Ltd
_c1975
300 _a509
_bPB
650 _aFrench Literature
_982485
906 _ablack: ; century ; chronicle ; nineteenth ; Scarlet
942 _2ddc
_cBK
999 _c169079
_d169079